000 00395nam a22001457a 4500
999 _c7883
_d7884
008 190419b ||||| |||| 00| 0 eng d
020 _a9781502439642
082 _a158 L26d 2015
100 _aLamg, MA Amy.
245 _aDating smarts ;
_bwhat every teen needs to know to date, relate or wait.
260 _c2015.
300 _a160 p.
_c23 cm.
650 _asexual relationships.
942 _2ddc